[Event "Montevideo Duchamp Cup 4th"]
[Site "Montevideo"]
[Date "2020.02.12"]
[Round "6"]
[White "Rebollo, Alvaro"]
[Black "Alvarez, Miguel"]
[Result "0-1"]
[WhiteElo "1545"]
[BlackElo "1754"]
[PlyCount "60"]
[EventDate "2020.02.08"]
[EventType "swiss"]
[EventRounds "9"]
[EventCountry "URU"]
[SourceTitle "CBM 194 Extra"]
[Source "ChessBase"]
[SourceDate "2020.03.31"]
[SourceVersion "1"]
[SourceVersionDate "2020.03.31"]
[SourceQuality "1"]

1. c4 Nf6 2. Nc3 d6 3. d4 g6 4. Nf3 Bg7 5. e4 0-0 6. Be2 Bg4 7. 0-0 Nbd7 8. Be3 c6 9. Rc1 e5 10. dxe5 Bxf3 11. Bxf3 Nxe5 12. Be2 Qc7 13. f4 Ned7 14. Qc2 Rad8 15. Rfd1 Kh8 16. b4 Rfe8 17. Rd2 Nf8 18. Rcd1 Ne6 19. f5 gxf5 20. exf5 Nf8 21. Bf2 d5 22. cxd5 cxd5 23. Bf3 Rc8 24. Bd4 N8d7 25. Qb3 Ne5 26. Bxd5 Nfg4 27. h3 Nf3+ 28. Bxf3 Bxd4+ 29. Rxd4 Qh2+ 30. Kf1 Qh1# 0-1

[Event "Montevideo Duchamp Cup 4th"]
[Site "Montevideo"]
[Date "2020.02.09"]
[Round "3"]
[White "Alvarez, Miguel"]
[Black "Pelaez, Diego"]
[Result "1-0"]
[WhiteElo "1754"]
[BlackElo "1607"]
[PlyCount "27"]
[EventDate "2020.02.08"]
[EventType "swiss"]
[EventRounds "9"]
[EventCountry "URU"]
[SourceTitle "CBM 194 Extra"]
[Source "ChessBase"]
[SourceDate "2020.03.31"]
[SourceVersion "1"]
[SourceVersionDate "2020.03.31"]
[SourceQuality "1"]

1. e4 g6 2. f4 Bg7 3. Nf3 c5 4. Bc4 e6 5. Nc3 Ne7 6. 0-0 0-0 7. d3 Nbc6 8. Bd2 Na5 9. Bb3 Nxb3 10. axb3 a6 11. Qe1 b5 12. Nxb5 Bxb2 13. Ra2 Bg7 14. Ba5 1-0

[Event "URU-ch sf"]
[Site "Montevideo"]
[Date "2019.03.05"]
[Round "7"]
[White "Alvarez, Miguel"]
[Black "Manteiga, Franco"]
[Result "1-0"]
[WhiteElo "1795"]
[BlackElo "1683"]
[PlyCount "45"]
[EventDate "2019.03.01"]
[EventType "swiss"]
[EventRounds "8"]
[EventCountry "URU"]
[SourceTitle "CBM 189 Extra"]
[Source "ChessBase"]
[SourceDate "2019.06.03"]
[SourceVersion "1"]
[SourceVersionDate "2019.06.03"]
[SourceQuality "1"]

1. e4 c5 2. Nf3 d6 3. d4 cxd4 4. Nxd4 Nf6 5. Nc3 a6 6. Be2 e6 7. 0-0 Be7 8. Be3 Qc7 9. Qd2 0-0 10. Rad1 Nc6 11. f4 Bd7 12. e5 dxe5 13. fxe5 Qxe5 14. Kh1 Rad8 15. Nf3 Qc7 16. Bd3 e5 17. Ng5 h6 18. Rxf6 hxg5 19. Nd5 Bb4 20. Rxc6 Bxd2 21. Rxc7 Bxe3 22. Nxe3 f5 23. Bc4+ 1-0

[Event "URU-ch sf"]
[Site "Montevideo"]
[Date "2019.03.02"]
[Round "3"]
[White "Alvarez, Miguel"]
[Black "Garcia Silveira, Luis"]
[Result "0-1"]
[WhiteElo "1795"]
[BlackElo "2044"]
[PlyCount "98"]
[EventDate "2019.03.01"]
[EventType "swiss"]
[EventRounds "8"]
[EventCountry "URU"]
[SourceTitle "CBM 189 Extra"]
[Source "ChessBase"]
[SourceDate "2019.06.03"]
[SourceVersion "1"]
[SourceVersionDate "2019.06.03"]
[SourceQuality "1"]

1. e4 c5 2. Bc4 Nc6 3. f4 e6 4. Nf3 a6 5. d4 cxd4 6. Nxd4 Qc7 7. Nb3 b5 8. Bd3 Bb7 9. Nc3 d6 10. 0-0 Nf6 11. Qe1 Be7 12. Bd2 0-0 13. Qg3 b4 14. Ne2 d5 15. exd5 exd5 16. Rae1 Ne4 17. Bxe4 dxe4 18. c3 Rad8 19. cxb4 Rd3 20. Qg4 f5 21. Qh5 Nxb4 22. Bc3 Nc2 23. Rc1 Qb6+ 24. Kh1 Ne3 25. Bd4 Rxd4 26. Nexd4 g6 27. Qe2 Nxf1 28. Qxf1 Bd5 29. Qd1 Rd8 30. Qc2 Bf6 31. Rd1 Bf7 32. Ne2 Rxd1+ 33. Qxd1 Bxb3 34. axb3 Bxb2 35. Qd5+ Kg7 36. Ng3 Qc7 37. Qd2 Qc1+ 38. Qxc1 Bxc1 39. Ne2 Bb2 40. Kg1 Kf6 41. Kf2 Ke6 42. Ke3 Kd5 43. h3 h5 44. g3 a5 45. Kd2 Kc5 46. Kc2 Bd4 47. Kd2 Bf2 48. Kc3 Be1+ 49. Kc2 Kb4 0-1

[Event "Montevideo Duchamp Cup 3rd"]
[Site "Montevideo"]
[Date "2019.02.09"]
[Round "1"]
[White "Alvarez, Miguel"]
[Black "Salinas Herrera, Pablo Patricio"]
[Result "0-1"]
[WhiteElo "1790"]
[BlackElo "2477"]
[PlyCount "74"]
[EventDate "2019.02.09"]
[EventType "swiss"]
[EventRounds "9"]
[EventCountry "URU"]
[SourceTitle "CBM 188 Extra"]
[Source "ChessBase"]
[SourceDate "2019.02.26"]
[SourceVersion "1"]
[SourceVersionDate "2019.02.26"]
[SourceQuality "1"]

1. e4 c5 2. Nf3 Nc6 3. d4 cxd4 4. Nxd4 Qb6 5. Nb3 Nf6 6. Nc3 e6 7. Be3 Qc7 8. Bd3 a6 9. f4 d6 10. 0-0 b5 11. Qe1 Be7 12. Qg3 0-0 13. f5 Kh8 14. fxe6 fxe6 15. Bg5 Ne5 16. Bxf6 Bxf6 17. Rac1 Bb7 18. Nd2 b4 19. Ne2 Qb6+ 20. Kh1 d5 21. Nf4 Nxd3 22. cxd3 Bxb2 23. Qh3 Rxf4 24. Rxf4 Bxc1 25. Rh4 h6 26. Rxh6+ gxh6 27. Qxh6+ Kg8 28. Qg6+ Kf8 29. Nf3 Qf2 30. Qf6+ Ke8 31. Qxe6+ Kd8 32. Qd6+ Kc8 33. exd5 Qf1+ 34. Ng1 Qf4 35. Qc5+ Kb8 36. d6 Bxg2+ 37. Kxg2 Qg5+ 0-1

[Event "Montevideo Duchamp Cup 2nd"]
[Site "Montevideo"]
[Date "2018.02.05"]
[Round "6"]
[White "Pereira, Gerardo"]
[Black "Alvarez, Miguel"]
[Result "0-1"]
[WhiteElo "1341"]
[BlackElo "1842"]
[PlyCount "54"]
[EventDate "2018.02.02"]
[EventType "swiss"]
[EventRounds "9"]
[EventCountry "URU"]
[SourceTitle "CBM 182 Extra"]
[Source "ChessBase"]
[SourceDate "2018.02.23"]
[SourceVersion "1"]
[SourceVersionDate "2018.02.23"]
[SourceQuality "1"]

1. e4 Nf6 2. Nc3 d6 3. d4 Nc6 4. Bg5 g6 5. Bxf6 exf6 6. Nf3 Bg7 7. a3 0-0 8. Be2 Re8 9. 0-0 f5 10. Bd3 fxe4 11. Nxe4 Nxd4 12. Nxd4 Bxd4 13. c3 Bg7 14. Re1 Bd7 15. Qb3 Bc6 16. f3 a6 17. Rad1 d5 18. Ng3 Qf6 19. Ne2 Qh4 20. g3 Qh5 21. Rf1 Qe5 22. Rde1 Qe3+ 23. Kh1 Qxd3 24. Nf4 Qf5 25. Rd1 Rad8 26. Rfe1 g5 27. Ne2 Qxf3+ 0-1

[Event "Montevideo Duchamp Cup 2nd"]
[Site "Montevideo"]
[Date "2018.02.03"]
[Round "2"]
[White "Amaral, Francisco"]
[Black "Alvarez, Miguel"]
[Result "1-0"]
[WhiteElo "1581"]
[BlackElo "1842"]
[PlyCount "83"]
[EventDate "2018.02.02"]
[EventType "swiss"]
[EventRounds "9"]
[EventCountry "URU"]
[SourceTitle "CBM 182 Extra"]
[Source "ChessBase"]
[SourceDate "2018.02.23"]
[SourceVersion "1"]
[SourceVersionDate "2018.02.23"]
[SourceQuality "1"]

1. c4 Nf6 2. g3 g6 3. Bg2 Bg7 4. Nf3 0-0 5. 0-0 c5 6. d4 cxd4 7. Nxd4 d6 8. Nc3 Qb6 9. Nc2 Nc6 10. Rb1 Bf5 11. e4 Bg4 12. Qe1 Ne5 13. Be3 Qd8 14. b3 Nf3+ 15. Bxf3 Bxf3 16. Nd4 Bxe4 17. Nxe4 Nxe4 18. f3 Nc5 19. Rd1 a6 20. Nc2 Qc7 21. Nb4 Rae8 22. Nd5 Qc8 23. Bd4 Bxd4+ 24. Rxd4 Ne6 25. Re4 b5 26. Kg2 bxc4 27. bxc4 Qb7 28. Rf2 Rb8 29. Rfe2 Qd7 30. Qf2 Rb1 31. f4 Re8 32. f5 Ng5 33. Rxe7 Rxe7 34. Rxe7 Qxf5 35. Re8+ Kg7 36. Qd4+ Kh6 37. Qh4+ Kg7 38. Rg8+ Kxg8 39. Ne7+ Kf8 40. Nxf5 Rb2+ 41. Kf1 Rb1+ 42. Ke2 1-0

[Event "Pan American-ch Amateur"]
[Site "Montevideo"]
[Date "2013.10.26"]
[Round "5"]
[White "Sierra, Juan Andres"]
[Black "Alvarez, Miguel"]
[Result "0-1"]
[WhiteElo "1893"]
[BlackElo "1908"]
[PlyCount "92"]
[EventDate "2013.10.24"]
[EventType "swiss"]
[EventRounds "9"]
[EventCountry "URU"]
[SourceTitle "EXT 2014"]
[Source "ChessBase"]
[SourceDate "2013.11.20"]
[SourceVersion "1"]
[SourceVersionDate "2013.11.20"]
[SourceQuality "1"]

1. d4 Nf6 2. Bg5 e6 3. Nf3 d6 4. e4 Be7 5. Bd3 h6 6. Bh4 Nc6 7. c3 0-0 8. Nbd2 a6 9. a4 Nh5 10. Bg3 f5 11. d5 Nxg3 12. hxg3 Ne5 13. Nxe5 dxe5 14. exf5 exf5 15. Qh5 c6 16. c4 cxd5 17. cxd5 Qb6 18. Bc4 Bg5 19. d6+ Kh8 20. Qxg5 Qxd6 21. 0-0-0 b5 22. Ba2 Ra7 23. Kb1 bxa4 24. Nc4 Qxd1+ 25. Qc1 Qxc1+ 26. Rxc1 e4 27. Ne5 Kh7 28. Rc6 Re8 29. Bf7 Rxf7 30. Nxf7 Bb7 31. Rb6 Bd5 32. Nd6 e3 33. fxe3 Rxe3 34. Nxf5 Be4+ 35. Ka2 Bxf5 36. Rxa6 Bc2 37. Rc6 Bb3+ 38. Kb1 Re1+ 39. Rc1 Rxc1+ 40. Kxc1 Kg6 41. Kd2 Kf5 42. Ke3 Kg4 43. Kf2 g6 44. Kg1 Kxg3 45. Kf1 Bd5 46. Kg1 Bxg2 0-1

[Event "Latin Cup"]
[Site "Montevideo"]
[Date "2011.11.04"]
[Round "6"]
[White "Alvarez, Miguel"]
[Black "Zecharies, Alexis"]
[Result "0-1"]
[WhiteElo "1932"]
[BlackElo "1697"]
[PlyCount "116"]
[EventDate "2011.11.01"]
[EventType "swiss"]
[EventRounds "9"]
[EventCountry "URU"]
[SourceTitle "EXT 2012"]
[Source "ChessBase"]
[SourceDate "2011.11.24"]
[SourceVersion "1"]
[SourceVersionDate "2011.11.24"]
[SourceQuality "1"]

1. e4 e6 2. f4 d5 3. e5 c5 4. Nf3 Nc6 5. d4 Qb6 6. c3 h5 7. Be2 Nh6 8. Na3 Nf5 9. Nc2 Be7 10. 0-0 Bd7 11. Kh1 h4 12. Ne3 Nxe3 13. Bxe3 Qxb2 14. Qd2 Qxd2 15. Bxd2 c4 16. Kg1 Na5 17. Rfb1 Ba4 18. Ne1 Kd7 19. Kf2 b5 20. Bd1 Bxd1 21. Rxb5 Bg4 22. Rxa5 Rhb8 23. Bc1 Bf5 24. Ba3 Bxa3 25. Rxa3 Rb2+ 26. Kf3 a5 27. h3 Kc6 28. Rd1 a4 29. Ke3 Kb5 30. Kf3 Rh8 31. Ke3 Rh6 32. Rd2 Rxd2 33. Kxd2 Rg6 34. Ke2 Be4 35. Kf2 Rg3 36. Kf1 f6 37. Kf2 fxe5 38. fxe5 g5 39. Kf1 g4 40. hxg4 Rxg4 41. Kf2 Rg8 42. Kf1 Rh8 43. Kf2 h3 44. gxh3 Rxh3 45. Kg1 Rh1+ 46. Kf2 Rh2+ 47. Ke3 Ka5 48. Kf4 Rh1 49. Ke3 Rxe1+ 50. Kd2 Rh1 51. Ke3 Rf1 52. Ke2 Ra1 53. Kd2 Bb1 54. Kc1 Rxa2 55. Rxa2 Bxa2 56. Kb2 Bb3 57. Ka3 Kb6 58. Kb4 Kc7 0-1

[Event "Latin Cup"]
[Site "Montevideo"]
[Date "2011.11.03"]
[Round "4"]
[White "Alvarez, Miguel"]
[Black "Urrestarazu, Diego"]
[Result "0-1"]
[WhiteElo "1932"]
[BlackElo "1955"]
[PlyCount "74"]
[EventDate "2011.11.01"]
[EventType "swiss"]
[EventRounds "9"]
[EventCountry "URU"]
[SourceTitle "EXT 2012"]
[Source "ChessBase"]
[SourceDate "2011.11.24"]
[SourceVersion "1"]
[SourceVersionDate "2011.11.24"]
[SourceQuality "1"]

1. e4 c5 2. f4 Nc6 3. Nf3 d6 4. Nc3 g6 5. Bc4 Bg7 6. 0-0 Nf6 7. d3 0-0 8. a3 a6 9. Bd2 b5 10. Ba2 Bb7 11. Qe1 Nd7 12. Qh4 e6 13. Qh3 Nd4 14. Nxd4 cxd4 15. Ne2 Rc8 16. Rac1 Nc5 17. f5 exf5 18. exf5 d5 19. Bh6 Re8 20. Bxg7 Kxg7 21. f6+ Kh8 22. Qh6 Rg8 23. Nxd4 Nd7 24. Qg5 Qb6 25. c3 Rce8 26. Kh1 Re5 27. Qf4 Rge8 28. Qh4 Qd6 29. g4 Nc5 30. Nf3 Nxd3 31. Nxe5 Qxe5 32. Qh6 d4+ 33. Kg1 Rg8 34. Rf3 Bxf3 35. Qd2 Qe3+ 36. Qxe3 dxe3 37. Rc2 e2 0-1

[Event "URU-chT Serie-A"]
[Site "Trinidad"]
[Date "2010.08.22"]
[Round "6"]
[White "Coppola, Claudio"]
[Black "Alvarez, Miguel"]
[Result "0-1"]
[WhiteElo "2111"]
[BlackElo "1934"]
[PlyCount "48"]
[EventDate "2010.08.??"]
[EventType "team-tourn"]
[EventRounds "6"]
[EventCountry "URU"]
[SourceTitle "EXT 2011"]
[Source "ChessBase"]
[SourceDate "2010.11.26"]
[SourceVersion "1"]
[SourceVersionDate "2010.11.26"]
[SourceQuality "1"]

1. d4 Nf6 2. Bg5 d6 3. Bxf6 gxf6 4. c4 Nc6 5. Nc3 Bg7 6. Nf3 Bg4 7. e3 0-0 8. Bd3 e5 9. d5 Ne7 10. h3 Bh5 11. g4 Bg6 12. e4 c6 13. Qe2 a5 14. 0-0 Qd7 15. Nd2 Bh6 16. a3 Bf4 17. Kg2 Kg7 18. b4 h5 19. f3 Rh8 20. Nb3 hxg4 21. fxg4 Rxh3 22. Kxh3 Rh8+ 23. Kg2 Rh2+ 24. Kf3 Qxg4+ 0-1

[Event "URU-ch sf"]
[Site "Montevideo"]
[Date "2010.03.30"]
[Round "8"]
[White "Alvarez, Miguel"]
[Black "Milans, Carlos"]
[Result "1-0"]
[WhiteElo "2101"]
[BlackElo "1945"]
[PlyCount "95"]
[EventDate "2010.03.26"]
[EventType "swiss"]
[EventRounds "9"]
[EventCountry "URU"]
[SourceTitle "EXT 2013"]
[Source "ChessBase"]
[SourceDate "2012.11.22"]
[SourceVersion "1"]
[SourceVersionDate "2012.11.22"]
[SourceQuality "1"]

1. e4 Nf6 2. Bc4 Nxe4 3. Bxf7+ Kxf7 4. Qh5+ g6 5. Qd5+ e6 6. Qxe4 Bg7 7. Nf3 Nc6 8. d4 Rf8 9. Bg5 Bf6 10. h4 d5 11. Qf4 Kg8 12. Bxf6 Qxf6 13. Qe3 Qf4 14. Nc3 Bd7 15. 0-0-0 Qxe3+ 16. fxe3 a6 17. h5 Kg7 18. Ne2 Rf6 19. Rh2 gxh5 20. Rdh1 Be8 21. Nf4 h6 22. Nxh5+ Bxh5 23. Rxh5 Raf8 24. R5h3 Rg6 25. Nh4 Rgf6 26. Rg3+ Kh7 27. Nf3 Ne7 28. Ng5+ Kh8 29. Rgh3 Ng8 30. Nf3 Kh7 31. Kd2 Rg6 32. R1h2 Rf7 33. g4 Rff6 34. g5 Rf8 35. gxh6 Rff6 36. Ne5 Rg1 37. a4 Ne7 38. Nd7 Rf7 39. Nc5 b6 40. Nxe6 Ng6 41. Rh5 Re7 42. Ng5+ Kh8 43. Rf2 Kg8 44. Rf6 Nf8 45. Rxf8+ Kxf8 46. h7 Rxh7 47. Nxh7+ Kg7 48. Rg5+ 1-0

[Event "URU-ch sf"]
[Site "Montevideo"]
[Date "2010.03.30"]
[Round "9"]
[White "Muniz, Gonzalo"]
[Black "Alvarez, Miguel"]
[Result "1-0"]
[WhiteElo "1925"]
[BlackElo "2101"]
[PlyCount "71"]
[EventDate "2010.03.26"]
[EventType "swiss"]
[EventRounds "9"]
[EventCountry "URU"]
[SourceTitle "EXT 2013"]
[Source "ChessBase"]
[SourceDate "2012.11.22"]
[SourceVersion "1"]
[SourceVersionDate "2012.11.22"]
[SourceQuality "1"]

1. d4 Nf6 2. Nf3 d6 3. c4 g6 4. Nc3 Bg7 5. e4 Bg4 6. Be3 Bxf3 7. Qxf3 Nc6 8. d5 Ne5 9. Qd1 0-0 10. Be2 c6 11. 0-0 cxd5 12. exd5 a6 13. Re1 Rc8 14. Qb3 Qd7 15. h3 g5 16. Bxg5 Kh8 17. Kh1 Rg8 18. f4 Ng6 19. Bxf6 Bxf6 20. Bg4 Qc7 21. Bxc8 Qxc8 22. Ne2 Nh4 23. Rg1 e5 24. dxe6 Qxe6 25. Qd3 Nf5 26. Rae1 Ne3 27. f5 Qe5 28. Nc3 Rg3 29. Ne4 Nxf5 30. Qd5 Rg6 31. Qxf7 Qf4 32. Qf8+ Rg8 33. Qxf6+ Rg7 34. Rgf1 Ng3+ 35. Nxg3 Qxg3 36. Re8# 1-0

[Event "URU-ch sf"]
[Site "Montevideo"]
[Date "2010.03.27"]
[Round "2"]
[White "Michailov, Matias"]
[Black "Alvarez, Miguel"]
[Result "1-0"]
[WhiteElo "1993"]
[BlackElo "2101"]
[PlyCount "51"]
[EventDate "2010.03.26"]
[EventType "swiss"]
[EventRounds "9"]
[EventCountry "URU"]
[SourceTitle "EXT 2013"]
[Source "ChessBase"]
[SourceDate "2012.11.22"]
[SourceVersion "1"]
[SourceVersionDate "2012.11.22"]
[SourceQuality "1"]

1. d4 Nf6 2. c4 e6 3. g3 c5 4. Nf3 cxd4 5. Nxd4 Qb6 6. Bg2 Bc5 7. e3 Nc6 8. Nb3 Bb4+ 9. Nc3 0-0 10. 0-0 Ne5 11. c5 Qa6 12. Qd4 Bxc3 13. Qxc3 Nc6 14. e4 Qe2 15. Bf3 Qb5 16. Bg5 e5 17. Bxf6 gxf6 18. Rfd1 b6 19. Rd6 Kg7 20. Bg4 Ne7 21. a4 Qa6 22. a5 Qb7 23. Qf3 f5 24. exf5 f6 25. Qxb7 Bxb7 26. Rxd7 1-0